Personnalités politiques françaises n°15 - Statistiques

Statistiques générales
  • Ce quiz a été pris 274 fois
  • Le résultat moyen est 6 sur 20
Statistiques - réponses
Par images Réponse % Correct
Rima Hassan
95%
Meyer Habib
65%
Sarah Knafo
57%
Valérie Hayer
54%
Catherine Vautrin
51%
Marie Toussaint
44%
Karl Olive
41%
Marisol Touraine
33%
Gilles Le Gendre
20%
Sylvain Maillard
18%
Aurore Lalucq
16%
Laurent Marcangeli
13%
Malika Sorel
12%
Thomas Cazenave
12%
Gérard Longuet
10%
Bastien Lachaud
9%
Fabrice Leggeri
8%
Frédéric Valletoux
8%
André Lajoinie
5%
Jean-Paul Garraud
4%
Aucun quiz correspondant
Distribution des résultats
% des personnes avec chaque résultat
Percentile par nombre de réponses
Votre historique - résultats
Vous n’avez pas pris ce quiz